| 000 | 01124nac a22003251i 4500 | ||
|---|---|---|---|
| 003 | EG-ScBUE | ||
| 005 | 20250728103550.0 | ||
| 008 | 250728t2006 njua f b 001 0 eng d | ||
| 020 | _a0471721840 (cloth) | ||
| 020 | _a9780471721840 (cloth) | ||
| 035 | _a(OCoLC)ocm65165507 | ||
| 035 | _a(OCoLC)65165507 | ||
| 040 |
_aEG-ScBUE _beng _erda _dEG-ScBUE _cEG-ScBUE |
||
| 082 | 0 | 4 |
_a543 _bPRI _222 |
| 245 | 0 | 0 |
_aPrinciples of mass spectrometry applied to biomolecules / _cedited by Julia Laskin, PhD, Chava Lifshitz, PhD. |
| 264 | 1 |
_aHoboken, N.J. : _bWiley-Interscience, _c[2006] |
|
| 264 | 4 | _cc2006 | |
| 300 |
_axviii, 687 pages : _billustrations ; _c25 cm. |
||
| 336 |
_2rdacontent _atext _btxt |
||
| 337 |
_aunmediated _2rdamedia _bn |
||
| 338 |
_avolume _bnc _2rdacarrier |
||
| 490 | 0 | _aWiley-Interscience series in mass spectrometry | |
| 504 | _aIncludes bibliographical references and index. | ||
| 650 | 7 |
_aMass spectrometry. _2BUEsh |
|
| 650 | 7 |
_aBiomolecules _xAnalysis. _2BUEsh |
|
| 655 | _vReading book | ||
| 700 | 1 |
_aLaskin, Julia, _d1967- _eeditor. |
|
| 700 | 1 |
_aLifshitz, Chava, _eeditor. |
|
| 942 |
_cBB _2ddc |
||
| 999 |
_c2169 _d2169 |
||